000 00329nam a2200121Ia 4500
008 240731s9999 xx 000 0 und d
022 _a1563-5163
245 0 _aJournal of Statistical Computation and Simulation
260 _bTaylor & Francis
856 _uhttps://www.tandfonline.com/loi/gscs20
942 _2ddc
942 _cTFEJ
999 _c78187
_d78187
945 _a1
_bMadushi Gamage
_c1
_dMadushi Gamage